<?xml version="1.0" encoding="UTF-8"?>
<record
    xmlns:xsi="http://www.w3.org/2001/XMLSchema-instance"
    xsi:schemaLocation="http://www.loc.gov/MARC21/slim http://www.loc.gov/standards/marcxml/schema/MARC21slim.xsd"
    xmlns="http://www.loc.gov/MARC21/slim">

  <leader>00724nam a22001697a 4500</leader>
  <datafield tag="999" ind1=" " ind2=" ">
    <subfield code="c">8001</subfield>
    <subfield code="d">8001</subfield>
  </datafield>
  <controlfield tag="003">GBCCL</controlfield>
  <controlfield tag="005">20241126110641.0</controlfield>
  <controlfield tag="008">181123b           ||||| |||| 00| 0 eng d</controlfield>
  <datafield tag="040" ind1=" " ind2=" ">
    <subfield code="c">GBC</subfield>
  </datafield>
  <datafield tag="082" ind1=" " ind2=" ">
    <subfield code="a">ARC GBC-2016</subfield>
    <subfield code="b">VUN</subfield>
  </datafield>
  <datafield tag="100" ind1=" " ind2=" ">
    <subfield code="a">Vunggoulian, K</subfield>
    <subfield code="9">13970</subfield>
  </datafield>
  <datafield tag="245" ind1=" " ind2=" ">
    <subfield code="a">An Analytical Study on the Biblical Roles of Pastors and Deacons With The Actual Roles Played By The Pastors and Deacons Under Evangelical Baptist Convention With Suggestions To Help Them For The Overall Growth of the Church |</subfield>
    <subfield code="c">K. Vunggoulian</subfield>
  </datafield>
  <datafield tag="260" ind1=" " ind2=" ">
    <subfield code="a">New Lamka:</subfield>
    <subfield code="b">Grace Bible College,</subfield>
    <subfield code="c">2016</subfield>
  </datafield>
  <datafield tag="300" ind1=" " ind2=" ">
    <subfield code="a">viii + 65 p.;</subfield>
    <subfield code="c">21 x 29 cm.</subfield>
  </datafield>
  <datafield tag="650" ind1=" " ind2=" ">
    <subfield code="a">Ministry</subfield>
    <subfield code="v">Role of Pastors</subfield>
    <subfield code="v">Role of Deacons</subfield>
    <subfield code="x">Evangelical Baptist Convention</subfield>
    <subfield code="9">13971</subfield>
  </datafield>
  <datafield tag="942" ind1=" " ind2=" ">
    <subfield code="2">ddc</subfield>
    <subfield code="c">TH</subfield>
  </datafield>
  <datafield tag="952" ind1=" " ind2=" ">
    <subfield code="0">0</subfield>
    <subfield code="1">0</subfield>
    <subfield code="2">ddc</subfield>
    <subfield code="4">0</subfield>
    <subfield code="7">0</subfield>
    <subfield code="a">GBC</subfield>
    <subfield code="b">GBC</subfield>
    <subfield code="c">ARC</subfield>
    <subfield code="d">2018-11-23</subfield>
    <subfield code="l">0</subfield>
    <subfield code="o">ARC GBC-2016 VUN</subfield>
    <subfield code="p">025132</subfield>
    <subfield code="r">2025-05-01 00:00:00</subfield>
    <subfield code="t">c.1</subfield>
    <subfield code="w">2018-11-23</subfield>
    <subfield code="y">TH</subfield>
  </datafield>
</record>
